Multifunkčná telocvičňa

Guardado en:
Detalles Bibliográficos
Autor principal: Bolfík, Igor (Autor)
Otros Autores: Andráš, Milan (Orientador)
Formato: Manuscrito Libro
Lenguaje:eslovaco
Publicado: Bratislava 2019
Materias:
Acceso en línea:http://is.stuba.sk/zp/portal_zp.pl?podrobnosti=129787
Etiquetas: Agregar Etiqueta
Sin Etiquetas, Sea el primero en etiquetar este registro!

MARC

LEADER 00000ntm a22000003a 4500
001 stuzp73923
003 SK-STU
005 20200916105703.7
007 ta
008 150427s2015----xo-----f-mn---000-0-slo-d
040 |a STU  |b slo 
041 0 |a slo 
100 1 |a Bolfík, Igor  |u 058180  |4 aut  |U FAD Fakulta architektúry  |T FA Ústav architektúry občianskych budov  |X 82886  |U A8180  |Y 399  |7 82886 
242 0 1 |a Multifunction Gym  |y eng 
245 1 0 |a Multifunkčná telocvičňa 
260 |c 2019  |a Bratislava 
650 4 |a Mladá garda  |2 slo 
650 4 |a Bratislava  |2 slo 
650 4 |a Telocvičňa  |2 slo 
650 4 |a Gymnasium  |2 eng 
650 4 |a Mladá garda  |2 eng 
650 4 |a Bratislava  |2 eng 
700 1 |a Andráš, Milan  |u 058180  |k Z1  |4 ths  |U FAD Fakulta architektúry  |T FA Ústav architektúry občianskych budov  |X 4208  |U A8180  |Y 399  |7 A000004208 
856 4 |u http://is.stuba.sk/zp/portal_zp.pl?podrobnosti=129787  |u https://opac.crzp.sk/?fn=detailBiblioForm&sid=819BE1355532A4D3171065AB1E91